| 000 | 00606nam a22002177a 4500 | ||
|---|---|---|---|
| 005 | 20260513141509.0 | ||
| 008 | 260506b |||||||| |||| 00| 0 eng d | ||
| 020 | _a9789382956969 | ||
| 040 | _cAL | ||
| 041 | _aEnglish | ||
| 082 |
_a546 _bPURP |
||
| 100 |
_aB R Puri _9263903 |
||
| 245 | _aPrinciples of inorganic chemistry | ||
| 260 |
_aDelhi _bVishal Publishing Co _c2023 |
||
| 300 |
_axii,1175p. _bPB _c24x18cm. |
||
| 365 |
_a6831 _b₹828.00 _c₹ _d₹920.00 _e10% _f14-03-2026 |
||
| 650 |
_aChemistry _9263384 |
||
| 700 |
_aSharma, L R _9263385 |
||
| 700 |
_aKalia, K C _9263386 |
||
| 942 |
_2ddc _cBK |
||
| 999 |
_c241398 _d241398 |
||